000 00197 a2200097 4500
001 48630
100 _aBryden, H.G
245 _aWings
260 _aLondon
_bFaber & Faber
_c
090 _c31557
_d31557
942 _aNUST-CAE
_c
_c23955
999 _c283703
_d283703